000 00314nam a22001217a 4500
008 181126b xxu||||| |||| 00| 0 eng d
041 _aeng
080 _a043.3
100 _a0
101 _aBTH-SHKI
245 _aKrahasimi dhe përzgjedhja e Frameworkave apo librarive të Javascriptit
_cBula,E
942 _2udc
_cBK
999 _c52499
_d52499